|
|
|
|
| LEADER |
00000nam0a2200000 4500 |
| 001 |
273863 |
| 005 |
20231101234654.0 |
| 020 |
|
|
|a RU
|b 87-72133
|
| 035 |
|
|
|a (RuTPU)RU\TPU\book\297073
|
| 090 |
|
|
|a 273863
|
| 100 |
|
|
|a 20141029d1987 k y0rusy5003 ca
|
| 101 |
0 |
|
|a rus
|
| 102 |
|
|
|a RU
|
| 105 |
|
|
|a a z 001zy
|
| 200 |
1 |
|
|a Опреснение минерализованных вод
|e сборник научных трудов
|f Всесоюзный комплексный научно-исследовательский и конструкторско-технологический институт водоснабжения, канализации, гидротехнических сооружений и инженерной гидрогеологии (ВНИИ ВОДГЕО) ; под ред. В. В. Ашанина
|
| 210 |
|
|
|a Москва
|c Изд-во ВНИИ ВОДГЕО
|d 1987
|
| 215 |
|
|
|a 128 с.
|c ил.
|
| 320 |
|
|
|a Библиогр. в конце ст.
|
| 606 |
1 |
|
|a Минеральные воды
|x Опреснение
|2 stltpush
|3 (RuTPU)RU\TPU\subj\44047
|9 63433
|
| 610 |
1 |
|
|a технологии
|
| 610 |
1 |
|
|a обессоливание
|
| 610 |
1 |
|
|a предварительная обработка
|
| 610 |
1 |
|
|a хозяйственные нужды
|
| 675 |
|
|
|a 628.16
|z rus
|v 3
|
| 702 |
|
1 |
|a Ашанин
|b В. В.
|4 340
|
| 712 |
0 |
2 |
|a Всесоюзный научно-исследовательский институт водоснабжения, канализации, гидротехнических сооружений и инженерной гидрогеологии (ВНИИводгео)
|c (Москва)
|c (1934-1991)
|2 stltpush
|3 (RuTPU)RU\TPU\col\4603
|
| 801 |
|
0 |
|a RU
|b RuMRKP
|c 19950417
|g psbo
|
| 801 |
|
1 |
|a RU
|b 63413507
|c 20141029
|
| 801 |
|
2 |
|a RU
|b 63413507
|c 20170213
|g RCR
|
| 942 |
|
|
|c BK
|